000 00596cam a22002053a 4500
001 43890
003 PGUSA
005 20140828084011.0
008 131005s2013||||xxu|||||s|||||000 | eng d
040 _aPGUSA
_beng
042 _adc
100 1 _aIvalo, Santeri,
_d1866-1937
245 1 0 _aErämaan nuijamiehet :
_bHistoriallinen romaani
_h[electronic resource] /
_cSanteri Ivalo
260 _bProject Gutenberg,
_c2013
506 _aPublic domain in the USA.
516 _aElectronic text
830 0 _aProject Gutenberg
_v43890
856 4 0 _uhttp://www.gutenberg.org/ebooks/43890
942 _cEB
999 _c273141
_d273141